| 000 | 00448nam a2200181Ia 4500 | ||
|---|---|---|---|
| 003 | LK-CoDNM | ||
| 008 | 010623t1965 xxu||||| |||| 00| 1 sin d | ||
| 040 |
_aLK-CoDNM _dLK-CoDNM _eLK-CoDNM |
||
| 041 | _asin | ||
| 080 |
_a8 C-2 _bSAR |
||
| 100 | _aSarathchandra, Nimal | ||
| 245 | _aරජ වුණ දවස | ||
| 246 | _aRaja vuna dawasa | ||
| 260 |
_bM.D.Gunasena _aColombo _c1965 |
||
| 300 | _b117, 18 cm | ||
| 650 | _aDrama | ||
| 942 | _cBK | ||
| 999 |
_c106965 _d106965 |
||